000 00510cam a2200169 4500500
005 20260405003204.0
041 _afre
042 _adc
100 1 0 _aN’Diaye, Aïda
_eauthor
245 0 0 _aNouvelle Histoire de la danse
260 _c2020.
500 _a79
690 _aDanse
690 _aMouvement
786 0 _nPhilosophie magazine | 145 | 1 | 2020-12-01 | p. 85-85 | 1951-1787
856 4 1 _uhttps://shs.cairn.info/magazine-philosophie-magazine-2020-12-1-page-85?lang=fr&redirect-ssocas=7080
999 _c2065168
_d2065168